A world too near (Record no. 360116)

MARC details
000 -LEADER
fixed length control field 00463nam a2200181Ia 4500
008 - FIXED-LENGTH DATA ELEMENTS--GENERAL INFORMATION
fixed length control field 191130s2008##################000#0#eng##
020 ## - INTERNATIONAL STANDARD BOOK NUMBER
ISBN 9781591026426
082 ## - DEWEY DECIMAL CLASSIFICATION NUMBER
Classification number 813.54 KEN
100 ## - MAIN ENTRY--AUTHOR NAME
Personal name Kenyon, Kay
245 ## - TITLE STATEMENT
Title A world too near
Statement of responsibility, etc Kay Kenyon
260 ## - PUBLICATION, DISTRIBUTION, ETC. (IMPRINT)
Place of publication Amherst, NY
Name of publisher Pyr
Year of publication 2008
300 ## - PHYSICAL DESCRIPTION
Number of Pages 425 p. ; 24 cm
650 ## - SUBJECT ADDED ENTRY--TOPICAL TERM
Topical Term American Fiction
991 ## -
-- 303708
Holdings
Withdrawn status Lost status Damaged status Not for loan Home library Current library Date acquired Full call number Accession Number Price effective from Koha item type
        Anna Centenary Library Anna Centenary Library 17.10.2020 813.54 KEN 426249 17.10.2020 English Books

Find us on the map